Psychology / (Record no. 11890)

MARC details
000 -LEADER
fixed length control field 00599nam a22002172 4500
001 - CONTROL NUMBER
control field 0000003217
005 - DATE AND TIME OF LATEST TRANSACTION
control field 20151217155205.0
008 - FIXED-LENGTH DATA ELEMENTS--GENERAL INFORMATION
fixed length control field 070502s xx 000 0 eng d
020 ## - INTERNATIONAL STANDARD BOOK NUMBER
International Standard Book Number 0618213740 :
040 ## - CATALOGING SOURCE
Original cataloging agency KABU
Transcribing agency KABU
050 #0 - LIBRARY OF CONGRESS CALL NUMBER
Classification number BF121
Item number .P79 2003
245 10 - TITLE STATEMENT
Title Psychology /
Statement of responsibility, etc. Douglas A. Bernstein ... [et al.]
250 ## - EDITION STATEMENT
Edition statement 6th ed.
260 ## - PUBLICATION, DISTRIBUTION, ETC. (IMPRINT)
Place of publication, distribution, etc. Boston :
Name of publisher, distributor, etc. Houghton,
Date of publication, distribution, etc. 2003.
300 ## - PHYSICAL DESCRIPTION
Extent xx, 718 p.
650 #0 - SUBJECT ADDED ENTRY--TOPICAL TERM
Topical term or geographic name as entry element Psychology.
-- 0000024981
700 1# - ADDED ENTRY--PERSONAL NAME
Personal name Bernstein, Douglas A.
-- 0000116472
908 ## - PUT COMMAND PARAMETER (RLIN)
Put command parameter 070502
950 ## - LOCAL HOLDINGS (RLIN)
-- 1
Holdings
Withdrawn status Lost status Source of classification or shelving scheme Not for loan Home library Current library Date acquired Total Checkouts Full call number Barcode Date last seen Date last checked out Price effective from Koha item type
    Library of Congress Classification   Kabarak, Main Campus Kabarak, Main Campus 17/12/2015 5 BF121 .P79 2003 004144 02/08/2024 01/03/2019 17/12/2015 General Collection
Designed with assistance from East African Informatics Ltd